000 01144nam a2200241 a 4500
001 57869
005 20180714054234.0
008 140415s1990 mx 000 0 spa d
020 _a9681634365
041 _aspa
082 _a101
_bTAG
245 0 0 _aVICO Y MARX :
_bAFINIDADES Y CONTRASTES
250 _a1a ed.
260 _aMEXICO :
_bFONDO DE CULTURA ECONOMICA,
_c1990
300 _a570
_c15.5 x 1.8 x 22.9
490 _aSECCION DE OBRAS DE FILOSOFIA
500 _aTAGLIACOZZO, GIORGIO; es compilador de la obra
520 _aLA PRESENTE COLECCION DE ENSAYOS INCLUYE TEXTOS DE 26 ESPECIALISTAS EN UNA CONTRIBUCION CARTOGRAFICA PARA EL DISEÑO DEL MAPA DE LAS CIENCIAS HUMANAS. RELEER AL PADRE DE LA FILOSOFIA DE LA HISTORIA A LA LUZ DEL PENSAMIENTO MARXISTA, Y VICEVERSA, RESULTA CAPITAL PARA ENTENDER LA EVOLUCION DEL PENSAMIENTO HUMANISTA Y LOS FUNDAMENTOS DE LAS CIENCIAS HUMANAS CONTEMPORANEAS.
650 1 4 _aHISTORIA
_xFILOSOFIA
_xMARXISMO
_xFILOSOFIA DEL SIGLO XIX
700 1 _aORDIALES DE LA GARZA, SADIE
_etr.
740 _aVICO AND MARX: AFFINITIES AND CONTRASTS
700 1 _aTAGLIACOZZO, GIORGIO
_ecoaut.
999 _c57869
_d57869